000 01619nam a2200349 i 4500
001 24122
003 ES-MaACL
005 20250905141820.0
007 t|
008 021216s1985 sp f 0011sdspa d
020 _a84-00-06021-0
080 _a946.41 M.(088.3)(042)
100 1 _aChueca Goitia, Fernando,
_d1911-2004
_938688
245 1 0 _aPerfiles madrileños /
_cFernando Chueca Goitia.
260 _aMadrid :
_bInstituto de Estudios Madrileños,
_c1985.
300 _a137 p., 8 p. de lám. ;
_c22 cm.
490 1 _aColección Puerta de Alcalá ;
_v3
505 8 _aContiene: El Ateneo de Madrid: discurso en la inauguración del curso 1981-82 ; Cervantes, libros y bibliotecas ; Perfil humano de Juan de Villanueva ; El Madrid de Mesonero Romanos ; Sobre la Almudena y su pequeña historia ; ¿Tiene Madrid tradición de calles peatonales?
594 _aRecoge 6 ensayos inéditos del autor, algunos leídos en conferencias o intervenciones públicas.
600 1 4 _aVillanueva, Juan de,
_d1739-1811
_9172250
600 1 4 _aMesonero Romanos, Ramón de,
_d1803-1882
_980672
610 0 0 _aAteneo de Madrid-
_vDiscursos de apertura-
_yS.XX.
_91913
610 2 4 _aAteneo de Madrid-
_vHistoria
_91925
610 2 4 _aCatedral de Santa María de la Almudena (Madrid)
_9172251
650 4 _aCalles-
_zMadrid.
_9146934
651 0 _aMadrid-
_xDescripción.
_98952
710 2 _aInstituto de Estudios Madrileños
_94916
740 3 2 _aEl Ateneo de Madrid: discurso en la inauguración del curso 1981-82.
830 1 _aColección Puerta de Alcalá ;
_v3
_9180896
852 4 _aES-MaACL
_jC-3764
999 _c24122
_d24122